00858nam a2200205 a 450000100100000000500170001000800410002704000250006808200180009310000280011124500910013925000110023026000720024130000430031350000340035650000720039050000510046295201220051399900170063500002554020200930023849.0110217nuuuuuuuuag ad r 000 0 spa d aDO-SdBNPbspacBNPHU axxxxxxbR145h1 aRagucci, Rodolfo95219813aEl habla de mi tierra :blecciones práticas de lengua española /cRodolfo Ragucci. a8a ed. aBuenos Aires, Argentina :bSociedad Editora Internacional,c[19??]. axxiv, 619 p. :bil., diagrs. ;c20 cm. aIncluye índice de materias. aIncluye índice alfabético de autores de los trozos transcritos. aIncluye índice de los vocabularios en serie. 001054708MOaGRbGRcHDd2011-02-17iLF1l0oxxxxxx R145hp25540-10r2020-06-25w2020-06-25y4ZPréstamo en sala c25032d25032